000
00292nam a2200121Ia 4500
008
190216s9999||||xx |||||||||||||| ||und||
100
_a
Gupta S L And Kumar V
245
0
_a
Statistical Mechanics
260
_b
Pragathi Prakashan
_c
1976
300
_a
323p
650
_a
Physics
942
_c
BK
999
_c
32831
_d
32831